ბათუმის შოთა რუსთაველის სახელმწიფო უნივერსიტეტის ბიბლიოთეკა

მეოცე საუკუნის ქართული ლიტერატურის ისტორიის ნარკვევები.წ.3 (ბიბ.ჩანაწერი № 43151)

000 -LEADER
fixed length control field 00909nam a2200217Ia 4500
001 - CONTROL NUMBER
control field 9872
003 - CONTROL NUMBER IDENTIFIER
control field GE_BSU
008 - FIXED-LENGTH DATA ELEMENTS--GENERAL INFORMATION
fixed length control field 181216s||||||||xx |||||||||||||| ||und||
040 ## - CATALOGING SOURCE
Transcribing agency GE_BSU
080 ## - UNIVERSAL DECIMAL CLASSIFICATION NUMBER
Universal Decimal Classification number 821.353.1.09
100 ## - MAIN ENTRY--PERSONAL NAME
Personal name ნიკოლეიშვილი,ავთანდილ
245 ## - TITLE STATEMENT
Title მეოცე საუკუნის ქართული ლიტერატურის ისტორიის ნარკვევები.წ.3
245 ## - TITLE STATEMENT
Statement of responsibility, etc. რედ. ლეილა მესხი.მხატვ.სპარტაკ ცინცაძე
260 ## - PUBLICATION, DISTRIBUTION, ETC.
Place of publication, distribution, etc. ქუთაისი
260 ## - PUBLICATION, DISTRIBUTION, ETC.
Name of publisher, distributor, etc. მერანი
260 ## - PUBLICATION, DISTRIBUTION, ETC.
Date of publication, distribution, etc. 2000
300 ## - PHYSICAL DESCRIPTION
Extent 544გვ.20სმ.
653 ## - INDEX TERM--UNCONTROLLED
Uncontrolled term მეოცე საუკუნის ქართული ლიტერატურის ისტორიის ნარკვევები
942 ## - ADDED ENTRY ELEMENTS (KOHA)
Koha item type წიგნი
ეგზემპლარები
Withdrawn status Lost status Damaged status Not for loan Date acquired Barcode Date last seen Price effective from Koha item type Public note
        2018-12-17 33199 2018-12-17 2018-12-17 წიგნი  
        2018-12-17 33200 2018-12-17 2018-12-17 წიგნი  
        2018-12-17 33201 2018-12-17 2018-12-17 წიგნი  
        2018-12-17 33202 2018-12-17 2018-12-17 წიგნი 10ლ.
        2018-12-17 33203 2018-12-17 2018-12-17 წიგნი  
        2018-12-17 33204 2018-12-17 2018-12-17 წიგნი